000 00851nam a2200265Ia 4500
003 OSt
005 20221005105713.0
006 a|||||r|||| 00| 0
007 ta
008 221004b |||||||| |||| 00| 0 hin d
020 _a9788190365482 (hbk)
024 _a27438
037 _bGift, 26/07/2016,
_cTextual
040 _aCRL
_cCRL
_bhin
041 _2hin
_ahin
082 _aO152,3N43x, P9
100 _aउषा देव
245 0 _aसंग्राम शेष है
246 _aSangrām sheṣh hai
260 _aनई दिल्ली
_bविधि भारती परिषद् भारत
_c2009
300 _a144पृ0
_ccm.
650 _aहिन्दी साहित्य
942 _hO152,3N43x, P9
_cTEXL
_2cc
999 _c1016629
_d1016629